00699nam a2200241 a 4500001001300000003000900013005001700022008004100039020001000080082001500090100001800105245005300123260004200176300000800218500003500226505001000261650002200271700001800293902000800311942000700319952011600326999001500442nice12345678IN_TiNIC20260116012659.0050524s1944 lona grp 000 0 eng  ac10000a269.2bWAR aWarren, M A C aCalling of Godb Four Essays in Missionary Works aLondonbLutterworth Educationalc1944 a66p aincludes index and biblioraphy2 aindex aEvangelistic Work1 aWarren, M A C bSRS cBK 001040708StackRoom-aHMIbHMId2007-07-16g100.00l0o269.2 WARp011081r2007-07-16v100.00w2005-05-24yBK c7919d7919